Výpočet elektrických polí ve ztrátovém prostředí : teze habilitační práce /

Hlavní autor: Dědková, Jarmila, 1959-
Korporativní autor: Vysoké učení technické v Brně. Ústav teoretické a experimentální elektrotechniky
Jazyk: Čeština
Vydáno: Brno : VUTIUM, 2001
Edice: Vědecké spisy Vysokého učení technického v Brně. Habilitační a inaugurační spisy
Témata:
Fyzický popis: 30 s. : il. ; 24 cm
Knihy
Uloženo v:
LEADER 01436nam a2200361 a 4500
001 000555063
003 CZ BrMZK
005 20070418162213.0
007 ta
008 010907s2001 xr f m cze d
015 |a cnb000994975 
020 |a 80-214-1836-2 
035 |a (OCoLC)85012187 
040 |a BOA001  |b cze 
072 7 |a 537  |x Elektřina  |2 Konspekt  |9 6 
080 |a 537.212  |2 MRF 
080 |a 519.63  |2 MRF 
080 |a (043.5:042.3)  |2 MRF 
080 |a (048.3)  |2 MRF 
100 1 |a Dědková, Jarmila,  |d 1959-  |7 jn20000703054 
245 1 0 |a Výpočet elektrických polí ve ztrátovém prostředí :  |b teze habilitační práce /  |c Jarmila Dědková 
260 |a Brno :  |b VUTIUM,  |c 2001 
300 |a 30 s. :  |b il. ;  |c 24 cm 
490 1 |a Vědecké spisy Vysokého učení technického v Brně. Habilitační a inaugurační spisy ;  |v sv. 45 
650 0 7 |a elektrické pole  |7 ph172849  |2 czenas 
650 0 7 |a metoda konečných prvků  |7 ph115272  |2 czenas 
655 7 |a habilitační přednášky  |7 fd187328  |2 czenas 
655 7 |a teze  |7 fd133701  |2 czenas 
710 2 |a Vysoké učení technické v Brně.  |b Ústav teoretické a experimentální elektrotechniky  |7 kn20010709201 
830 0 |a Vědecké spisy Vysokého učení technického v Brně.  |p Habilitační a inaugurační spisy 
910 |a BOA001  |b 2-1083.647 
990 |a BK 
996 6 |b 2610131493  |c 2-1083.647  |l MZK  |r Sklad / do 1 hodiny  |n 0  |p p.v.  |w 000555063  |u 000010  |a 1  |e BOA001  |j MZK50  |s P